BECKHAM jako samospasitelná značka ?
David Beckham, futbalista Realu Madrid, a jeho geograficko-marketingová funkcia preniknúť medzi fanúšikov Ďalekého východu. Futbalové kluby nie len ako tímy, ale aj ako marketingové značky. Ekonomická politika Realu Madrid postavená na využívaní mien najlepších hráčov sveta. Nárast počtu fanúšikov a...
Salvato in:
| Autore principale: | |
|---|---|
| Natura: | Capitolo di libro |
| Lingua: | ceco |
| Soggetti: | |
| Tags: |
Nessun Tag, puoi essere il primo ad aggiungerne!!
|
MARC
| LEADER | 00000naa$a2200000$$$4500 | ||
|---|---|---|---|
| 001 | 0021962 | ||
| 005 | 20231018124100.3 | ||
| 041 | 0 | |a cze | |
| 044 | |a CZ | ||
| 245 | 1 | 0 | |a BECKHAM jako samospasitelná značka ? |c Andrea Votrubová |
| 520 | |a David Beckham, futbalista Realu Madrid, a jeho geograficko-marketingová funkcia preniknúť medzi fanúšikov Ďalekého východu. Futbalové kluby nie len ako tímy, ale aj ako marketingové značky. Ekonomická politika Realu Madrid postavená na využívaní mien najlepších hráčov sveta. Nárast počtu fanúšikov a zároveň nárast spotrebiteľov výrobkov f. Nike, Adidas, Pepsi, Gillette. Konkurenčný boj firiem pri využívaní celebrít ako značky. | ||
| 610 | 2 | 0 | |a značky výrobkov |
| 610 | 2 | 0 | |a značky kvality |
| 610 | 2 | 0 | |a reklama |
| 610 | 2 | 0 | |a podpora predaja |
| 610 | 2 | 0 | |a stratégia marketingová |
| 610 | 2 | 0 | |a konkurencia |
| 610 | 2 | 0 | |a zisk |
| 610 | 2 | 0 | |a šport |
| 610 | 2 | 0 | |a osobnosť |
| 610 | 2 | 0 | |a Beckham, D. |
| 100 | 1 | |a Votrubová, Andrea | |